000
00299nam a22001097a 4500
008
240926b |||||||| |||| 00| 0 eng d
020
_a
27071596
245
_a
Kabarak Journal of Law and Ethics
260
_a
Nairobi, Kenya
_b
Kabarak University Press
_c
2022
300
_a
xvii, 225p.
942
_2
lcc
_c
PER
999
_c
20512
_d
20511